[Event "Velika Gorica op 10th"]
[Site "Velika Gorica"]
[Date "2012.08.20"]
[Round "1"]
[White "Kalajzic, Ivan"]
[Black "Matic, Mirko"]
[Result "1-0"]
[WhiteElo "2240"]
[BlackElo "1810"]
[PlyCount "105"]
[EventDate "2012.08.20"]
[EventType "swiss"]
[EventRounds "9"]
[EventCountry "CRO"]
[SourceTitle "CBM 150 Extra"]
[Source "ChessBase"]
[SourceDate "2012.10.19"]
[SourceVersion "1"]
[SourceVersionDate "2012.10.19"]
[SourceQuality "1"]

1. d4 Nf6 2. Nc3 d5 3. Bg5 e6 4. e4 dxe4 5. Nxe4 Be7 6. Bxf6 Bxf6 7. Nf3 Nd7 8. Qd2 0-0 9. 0-0-0 Qe7 10. g4 g6 11. h4 Bg7 12. h5 Nf6 13. Nxf6+ Qxf6 14. Ne5 g5 15. h6 Bxh6 16. Bd3 c5 17. c3 Rd8 18. Rh5 cxd4 19. cxd4 a5 20. Rdh1 Bg7 21. Bxh7+ Kf8 22. Rxg5 Ra6 23. f4 Rad6 24. Nf3 Rxd4 25. Nxd4 Rxd4 26. Qf2 Rc4+ 27. Kb1 Qxf4 28. Qxf4 Rxf4 29. Rxa5 Ke7 30. g5 Bd7 31. Bd3 f5 32. gxf6+ Bxf6 33. Rf1 e5 34. Rxf4 exf4 35. Be4 b6 36. Ra6 Bd4 37. Kc2 Kd6 38. a4 Bc6 39. Kd3 Be3 40. b4 Bxe4+ 41. Kxe4 Kc7 42. Ra7+ Kc6 43. Rf7 Bd2 44. Rf6+ Kb7 45. b5 Be3 46. Rf7+ Kc8 47. Kd5 Kd8 48. Kd6 Bc5+ 49. Kc6 Be3 50. a5 bxa5 51. b6 a4 52. b7 Ba7 53. Rxf4 1-0